000 00942nam a2200265 a 4500
001 17383
003 BD-RjUL
005 20211209000130.0
008 140216s1950 xx 001 0 eng
035 _a(BD-RjUL)17441
040 _aDLC
_cPCoR
_dBD-RjUL
_beng
041 _aeng
082 0 0 _a650
_bWAP 1950
_223
100 1 _aWalters, R. G.
_q(Rea Gillespie),
_d1888-1952.
_953566
245 1 0 _aPrinciples and problems of business education /
_cby R. G. Walters and C. A. Nolan.
260 _aCincinnati :
_bSouth-Western Pub. Co.,
_cc1950.
300 _aix, 453 p. :
_bill. ;
_c23 cm.
490 0 _a(South-Western Publications for business teachers, X 87)
504 _aIncludes bibliographies and index.
650 0 _aBusiness education.
_953567
700 1 _aNolan, Carroll Anthony,
_d1906-
_ejoint author.
_953568
830 _a(South-Western Publications for business teachers, X 87)
_9218493
942 _2ddc
_cBK
999 _c17383
_d17383